Filmografia di Marcello Mastroianni - Statistics

Statistiche generali
  • Questo quiz è stato fatto 17 volte
  • Il punteggio medio è 5 su 12
Statistiche sulle risposte
con Immagini Risposta % Corretto
La dolce vita
88%
Una giornata particolare
76%
I soliti ignoti
71%
Matrimonio all'italiana
65%
Divorzio all'italiana
59%
8 1/2
47%
Ciao maschio
18%
La decima vittima
18%
Le notti bianche
18%
Che?
6%
Domenica d'agosto
6%
Peccato che sia una canaglia
6%
Nessun quiz corrispondente trovato
Distribuzione punteggi
Percentuale di utenti per punteggio
Percentile per numero di risposta
I tuoi punteggi nel tempo
Non hai fatto questo quiz